000 00445nam a2200157Ia 4500
008 230312s9999||||xx |||||||||||||| ||und||
020 _a0-443-07293-0
082 _a617.564
_bRIC-T
100 _aRichardson;Carolyn
245 0 _aTherapeutic Exercise for Lumbopelvic Stabilization
260 _bElsevier
_aChina
_c1
300 _a271
546 _aEng.
650 _aPhysiotherapy
_vTherapeutic Exercise for Lumopelvic Stabilization
942 _cBK
999 _c9135
_d9135